Gaming Quiz

Random Gaming or Pokémon Quiz
Score 0/33 Timer 06:00
1 Play Today
Pokémon % Correct
Koffing
90%
Weezing
87.9%
Weedle
84%
Beedrill
83.8%
Bulbasaur
82.9%
Kakuna
82.5%
Ekans
82.3%
Arbok
82%
Ivysaur
81.9%
Venusaur
80.1%
Muk
76.4%
Gloom
76.1%
Oddish
75.9%
Nidoran♀
75.6%
Nidoran♂
75.4%
Nidoking
75.4%
Nidoqueen
75.4%
Pokémon % Correct
Grimer
75.3%
Nidorina
75.1%
Nidorino
74.9%
Vileplume
74.5%
Bellsprout
70.8%
Weepinbell
69.4%
Venonat
68.6%
Venomoth
68.5%
Victreebel
68.2%
Gastly
67.4%
Haunter
67.3%
Gengar
67.3%
Zubat
65.2%
Golbat
64.8%
Tentacool
58.8%
Tentacruel
58.6%

You're not logged in!

Compare scores with friends on all Sporcle quizzes.
OR
Log In

Sporcle TV

Today on Sporcle TV


Watch our educational content, quiz creation guides, and fun videos on Sporcle TV.

Show Comments

Extras

Top Quizzes Today


Score Distribution

Your Account Isn't Verified!

In order to create a playlist on Sporcle, you need to verify the email address you used during registration. Go to your Sporcle Settings to finish the process.

Report this User

Report this user for behavior that violates our Community Guidelines.

Details: